[Event "TUR Cup"]
[Site "Adapazari"]
[Date "2022.03.30"]
[Round "8"]
[White "Er, Mutlu"]
[Black "Gul, Omer"]
[Result "0-1"]
[WhiteElo "1150"]
[BlackElo "1285"]
[PlyCount "106"]
[EventDate "2022.03.25"]
[EventType "swiss"]
[EventRounds "11"]
[EventCountry "TUR"]
[SourceTitle "EXT 2023"]
[Source "ChessBase"]
[SourceDate "2022.10.05"]
[SourceVersion "1"]
[SourceVersionDate "2022.10.05"]
[SourceQuality "1"]

1. e4 c5 2. Nf3 d6 3. d4 cxd4 4. Nxd4 Nf6 5. Nc3 g6 6. Be3 Bg7 7. Qd2 0-0 8. f3 Nc6 9. 0-0-0 d5 10. Nxc6 bxc6 11. Bh6 Qa5 12. Bxg7 Kxg7 13. h4 dxe4 14. h5 Be6 15. hxg6 fxg6 16. Qh6+ Kf7 17. Nxe4 Qxa2 18. Ng5+ Ke8 19. Nxe6 Qxe6 20. b3 Qe5 21. Kb1 a5 22. Bc4 a4 23. Rhe1 Qc7 24. g4 axb3 25. cxb3 Qb6 26. Qe3 Qxe3 27. Rxe3 Nd5 28. Bxd5 cxd5 29. Rxd5 Rf4 30. Rde5 Ra7 31. Rb5 Kf7 32. b4 Ra6 33. Kb2 Re6 34. Rd3 Ref6 35. Rb7 Rxf3 36. Rdd7 Re6 37. b5 Re2+ 38. Kc1 Rf1+ 39. Rd1 Rxd1+ 40. Kxd1 Rb2 41. Kc1 Rb4 42. Kc2 Rxg4 43. Kc3 h5 44. b6 Rg1 45. Kc2 Rg5 46. Ra7 Rb5 47. b7 h4 48. Kc3 g5 49. Kc4 Rb1 50. Kc5 h3 51. Kc6 h2 52. Kc7 h1Q 53. b8Q Qh2+ 0-1

[Event "TUR Cup"]
[Site "Adapazari"]
[Date "2022.03.28"]
[Round "6"]
[White "Akgun, Faruk"]
[Black "Gul, Omer"]
[Result "0-1"]
[WhiteElo "1202"]
[BlackElo "1285"]
[PlyCount "80"]
[EventDate "2022.03.25"]
[EventType "swiss"]
[EventRounds "11"]
[EventCountry "TUR"]
[SourceTitle "EXT 2023"]
[Source "ChessBase"]
[SourceDate "2022.10.05"]
[SourceVersion "1"]
[SourceVersionDate "2022.10.05"]
[SourceQuality "1"]

1. e4 c5 2. Nf3 Nc6 3. d4 cxd4 4. Nxd4 d6 5. c4 Nf6 6. Nc3 g6 7. Be2 Bg7 8. Be3 0-0 9. 0-0 Bd7 10. f3 Rc8 11. Qd2 Ne5 12. b3 Qa5 13. Rac1 Nc6 14. Rfd1 a6 15. Nd5 Qxd2 16. Rxd2 Nxd5 17. cxd5 Nxd4 18. Rcd1 Nxe2+ 19. Rxe2 Rc3 20. Rdd2 Rxe3 21. Rxe3 Bh6 22. Ree2 Bxd2 23. Rxd2 Rc8 24. h4 f5 25. h5 gxh5 26. Kh2 Kf7 27. Kg3 Kf6 28. Kh4 fxe4 29. fxe4 Bg4 30. Rf2+ Kg6 31. Kg3 Kg7 32. Kh4 Rf8 33. Rc2 Rf4 34. Rc7 Rxe4 35. Kg5 h6+ 36. Kh4 Be6+ 37. Kg3 Bxd5 38. Kf2 Rf4+ 39. Ke3 Rf7 40. g3 Bc6 0-1